Colección pensamiento dominicano / (Registro nro. 7359)

Detalles MARC
000 -LIDER
fixed length control field 01568nam a2200361 a 4500
001 - NÚMERO DE CONTROL
Identificador de número de control
003 - IDENTIFICACDOR DE NÚMERO DE CONTROL
control field DO-SdBNP
005 - DATE AND TIME OF LATEST TRANSACTION
control field 20220218090448.0
007 - CAMPOS FIJOS DE DESCRIPCIÓN FÍSICA
fixed length control field 000002230
008 - ELEMENTOS DE LONGITUD FIJA
fixed length control field 090701s2008 dr 001 0 spa d
020 ## - ISBN
International Standard Book Number 9789945457001
040 ## - FUENTE DE CATALOGACIÓN
Agencia que crea de manera original el registro BPMSU
Agencia que realiza la transcripción spa
Idioma de catalogación BPMSU
082 #4 - NÚMERO DE CLASIFICACIÓN DECIMAL DE DEWEY
Classification number RD868.44
Item number C691p 2009
Edition number 22
245 00 - MENCIÓN DE TITULO
Título Colección pensamiento dominicano /
Mención de responsabilidad [coordinadores Luis O. Brea Franco y José Navarro Zerpa] .
260 ## - PUBLICACIÓN, DISTRIBUCIÓN, ETC. (PIE DE IMPRENTA)
Lugar de publicación, distribución, etc Santo Domingo :
Nombre del editor, distribuidor, etc. BanReservas:
-- Sociedad Dominicana de Bibliófilos,
Fecha de publicación, distribución, etc 2008-
300 ## - DESCRIPCIÓN FÍSICA
Extensión v. :
Otros detalles físicos il. ;
Dimensiones 27 cm.
490 0# - MENCIÓN DE SERIES
Mención de serie Pensamiento dominicano
Volume/sequential designation 4
500 ## - NOTA GENERAL
Nota general Reedición de la colección Pensamiento dominicano publicada entre 1949 y 1980.
500 ## - NOTA GENERAL
Nota general Incluye referencias bibliográficas y notas al pie de las páginas 9<br/><br/><br/><br/><br/><br/><br/><br/><br/><br/>
504 ## - NOTA DE BIBLIOGRAFÍA, ETC.
Bibliography, etc Incluye referencias bibliográficas y notas al pie de las páginas
505 0# - NOTA DE CONTENIDO
Texto normalizado de contenido v. 1. : Poesía y teatro -- v. 2. Cuentos -- v. 3. Biografías y evocaciones -- v. 4. Crítica de literatura y arte. Filosofía -- v. 5. Historia -- v. 6. Novela -- v. 7. Derecho, relato y frases dominicanas.
590 ## - NOTA LOCAL
Field link and sequence number (RLIN) Inventariado, 2022/VM
650 #4 - ENCABEZAMIENTO DE MATERIA--TEMÁTICO
Término temático o nombre geográfico como elemento de entrada Poesía dominicana
Subdivisión temática general Colecciones
650 #4 - ENCABEZAMIENTO DE MATERIA--TEMÁTICO
Término temático o nombre geográfico como elemento de entrada Teatro dominicano
Subdivisión temática general Colecciones
650 #4 - ENCABEZAMIENTO DE MATERIA--TEMÁTICO
Término temático o nombre geográfico como elemento de entrada Autores dominicanos
Subdivisión temática general Siglo XIX
650 #4 - ENCABEZAMIENTO DE MATERIA--TEMÁTICO
Término temático o nombre geográfico como elemento de entrada Literatura dominicana
Subdivisión temática general Colecciones
650 #4 - ENCABEZAMIENTO DE MATERIA--TEMÁTICO
Término temático o nombre geográfico como elemento de entrada Arte dominicano
Subdivisión temática general Historia y crítica
700 12 - ASIENTO SECUNDARIO -- NOMBRE PERSONAL
Nombre personal Brea Franco, Luis O.
Mención de responsabilidad coord.
700 12 - ASIENTO SECUNDARIO -- NOMBRE PERSONAL
Nombre personal Mella, Mariano
Mención de responsabilidad coord.
710 2# - ASIENTO SECUNDARIO -- NOMBRE CORPORATIVO
Nombre corporativo o de jurisdicción Sociedad Dominicana de Bibliófilos
910 ## - VALIDACIÓN
Validación VMateo V.
942 ## - ADDED ENTRY ELEMENTS (KOHA)
Source of classification or shelving scheme Dewey Decimal Classification
Koha item type Libros
Existencias
Withdrawn status Lost status Source of classification or shelving scheme Damaged status Not for loan Collection code Home library Current library Date acquired Total Checkouts Full call number Barcode Date last seen Copy number Price effective from Koha item type
    Dewey Decimal Classification     Colección Dominicana Biblioteca Pública Metropolitana Salomé Ureña Biblioteca Pública Metropolitana Salomé Ureña 02/05/2015   BPMSU CD RD868.44 C691p 2008 BPMSU15041127 02/05/2015 v. 5 02/05/2015 Libros
    Dewey Decimal Classification     Colección Dominicana Biblioteca Pública Metropolitana Salomé Ureña Biblioteca Pública Metropolitana Salomé Ureña 02/05/2015   BPMSU CD RD868.44 C691p 2009 BPMSU22020052 02/18/2022 v. 4 02/05/2015 Libros
    Dewey Decimal Classification     Colección Dominicana Biblioteca Pública Metropolitana Salomé Ureña Biblioteca Pública Metropolitana Salomé Ureña 02/05/2015   BPMSU CD RD868.44 C691p 2010 BPMSU24110034 11/19/2024 v.3 02/05/2015 Libros